Gaming Quiz

Random Gaming or Pokémon Quiz

Shortest Pokémon Names A-Z Quiz Stats

 Plays Quiz Updated Jun 8, 2019

Score 0/26 Timer 04:00
1 Play Today
Letter Pokémon % Correct
AAbra, Aron, Axew
85.1%
MMew, Muk
79.2%
EEevee, Ekans, Entei
59.8%
JJynx
50.6%
OOnix
50.4%
XXatu
49.8%
ZZorua, Zubat
47.2%
NNatu
45%
DDeino, Ditto, Doduo
43%
PParas, Pichu
42.2%
GGible, Gloom, Golem, ...
40.3%
SSawk, Seel
39.6%
CCacnea, Celebi, Chatot, ...
37.9%
Letter Pokémon % Correct
BBagon, Budew, Burmy
36.2%
YYanma
35.9%
FFearow, Feebas, Flygon, ...
34.1%
WWeedle, Wimpod, Woobat, ...
33.6%
QQuilava
33.2%
UUxie
29.5%
VVulpix
28.1%
RRalts, Riolu, Rotom
27.5%
HHo-Oh
25.9%
LLotad, Lugia, Luxio
25.3%
TTepig, Throh
21.3%
KKlang, Klink
15.8%
IInkay
14.3%

You're not logged in!

Compare scores with friends on all Sporcle quizzes.
OR
Log In

Sporcle TV

Today on Sporcle TV


Watch our educational content, quiz creation guides, and fun videos on Sporcle TV.

Show Comments

Extras

Top Quizzes Today


Score Distribution

Your Account Isn't Verified!

In order to create a playlist on Sporcle, you need to verify the email address you used during registration. Go to your Sporcle Settings to finish the process.

Report this User

Report this user for behavior that violates our Community Guidelines.

Details: